Jury trial in Ghana : exposition & critique. / (Record no. 9867)

MARC details
000 -LEADER
fixed length control field 01392cam a2200325 i 4500
001 - CONTROL NUMBER
control field 20362563
003 - CONTROL NUMBER IDENTIFIER
control field OSt
005 - DATE AND TIME OF LATEST TRANSACTION
control field 20230630102136.0
008 - FIXED-LENGTH DATA ELEMENTS--GENERAL INFORMATION
fixed length control field 180220s2017 gh b 001 0 eng
010 ## - LIBRARY OF CONGRESS CONTROL NUMBER
LC control number 2018354095
020 ## - INTERNATIONAL STANDARD BOOK NUMBER
International Standard Book Number 9789988262839
040 ## - CATALOGING SOURCE
Original cataloging agency DLC
Language of cataloging eng
Description conventions rda
Transcribing agency DLC
042 ## - AUTHENTICATION CODE
Authentication code lcode
-- pcc
043 ## - GEOGRAPHIC AREA CODE
Geographic area code f-gh---
050 00 - LIBRARY OF CONGRESS CALL NUMBER
Classification number KRX4710.K67
100 1# - MAIN ENTRY--PERSONAL NAME
Personal name Korang, Daniel.
9 (RLIN) 1815
245 10 - TITLE STATEMENT
Title Jury trial in Ghana : exposition & critique. /
Statement of responsibility, etc. Daniel Korang.
264 #1 - PRODUCTION, PUBLICATION, DISTRIBUTION, MANUFACTURE, AND COPYRIGHT NOTICE
Place of production, publication, distribution, manufacture [Kumasi, Ghana] :
Name of producer, publisher, distributor, manufacturer [publisher not identified],
Date of production, publication, distribution, manufacture, or copyright notice 2017.
264 #3 - PRODUCTION, PUBLICATION, DISTRIBUTION, MANUFACTURE, AND COPYRIGHT NOTICE
Place of production, publication, distribution, manufacture Kumasi [Ghana] :
Name of producer, publisher, distributor, manufacturer University Printing Press,
Date of production, publication, distribution, manufacture, or copyright notice 2017.
300 ## - PHYSICAL DESCRIPTION
Extent xxxiv, 384 p. ;
Dimensions 25 cm
336 ## - CONTENT TYPE
Content type term text
Content type code txt
Source rdacontent
337 ## - MEDIA TYPE
Media type term unmediated
Media type code n
Source rdamedia
338 ## - CARRIER TYPE
Carrier type term volume
Carrier type code nc
Source rdacarrier
504 ## - BIBLIOGRAPHY, ETC. NOTE
Bibliography, etc. note Includes bibliographical references and index.
505 ## - FORMATTED CONTENTS NOTE
Formatted contents note Contents: The nature of jury trial -- Committal proceedings -- Proceedings before the trial court -- The jury and assessors -- Challenging jurors -- The cs for the prosecution and the accused -- Trail of juveniles on indictment -- Summing up in trials on indictment -- Jury deliberations and verdicts -- Appellate review of jury verdicts -- Challenges of the jury system and proposal for its abolition
650 #0 - SUBJECT ADDED ENTRY--TOPICAL TERM
Topical term or geographic name entry element Jury
Geographic subdivision Ghana.
9 (RLIN) 1967
650 #0 - SUBJECT ADDED ENTRY--TOPICAL TERM
Topical term or geographic name entry element Trials
Geographic subdivision Ghana.
9 (RLIN) 1968
906 ## - LOCAL DATA ELEMENT F, LDF (RLIN)
a 7
b cbc
c origode
d 2
e ncip
f 20
g y-gencatlg
942 ## - ADDED ENTRY ELEMENTS (KOHA)
Source of classification or shelving scheme Library of Congress Classification
Koha item type Books
Holdings
Withdrawn status Lost status Source of classification or shelving scheme Damaged status Not for loan Home library Current library Shelving location Date acquired Total Checkouts Full call number Barcode Date last seen Copy number Price effective from Koha item type
    Library of Congress Classification     WISCONSIN INTERNATIONAL UNIVERSITY COLLEGE, GHANA - MAIN LIBRARY WISCONSIN INTERNATIONAL UNIVERSITY COLLEGE, GHANA - MAIN LIBRARY Law Library 14/07/2023   KF2905.F58 3007/255/23 14/07/2023 1 14/07/2023 Books
    Library of Congress Classification     WISCONSIN INTERNATIONAL UNIVERSITY COLLEGE, GHANA KUMASI LIBRARY WISCONSIN INTERNATIONAL UNIVERSITY COLLEGE, GHANA KUMASI LIBRARY Law Library 02/06/2023   KF2905.F58 KSL/2108/311/23 30/06/2023 1 30/06/2023 Books
    Library of Congress Classification     WISCONSIN INTERNATIONAL UNIVERSITY COLLEGE, GHANA KUMASI LIBRARY WISCONSIN INTERNATIONAL UNIVERSITY COLLEGE, GHANA KUMASI LIBRARY Law Library 02/06/2023   KF2905.F581 KSL/2109/312/23 30/06/2023 2 30/06/2023 Books

If you have any concerns or questions; kindly contact the library


© Powered by WIUC ICT DIRECTORATE